Catálogo

MULTIMEDIA - BASED INSTRUCTIONAL DESIGN : (Registro nro. 43785)

Detalles MARC
000 -LEADER
fixed length control field 00994nam a2200205 a 4500
001 - CONTROL NUMBER
control field 43785
005 - DATE AND TIME OF LATEST TRANSACTION
control field 20180714022425.0
008 - FIXED-LENGTH DATA ELEMENTS--GENERAL INFORMATION
fixed length control field 140415s2000 000 0 eng d
020 ## - INTERNATIONAL STANDARD BOOK NUMBER
International Standard Book Number 0787951595
041 ## - LANGUAGE CODE
Language code of text/sound track or separate title eng
082 ## - DEWEY DECIMAL CLASSIFICATION NUMBER
Classification number 658.312404
Item number LEE
100 1# - MAIN ENTRY--PERSONAL NAME
Personal name LEE, WILLIAM W.
245 10 - TITLE STATEMENT
Title MULTIMEDIA - BASED INSTRUCTIONAL DESIGN :
Remainder of title COMPUTER - BASED TRAININ WEB - BASED TRAINING DISTANCE BROADCAST TRAINING
250 ## - EDITION STATEMENT
Edition statement 1a ed.
260 ## - PUBLICATION, DISTRIBUTION, ETC.
Place of publication, distribution, etc. [s.l.] :
Name of publisher, distributor, etc. JOSSEY-BASS/ PFEIFFER,
Date of publication, distribution, etc. 2000
300 ## - PHYSICAL DESCRIPTION
Extent 359
Dimensions x 21 x 24
520 ## - SUMMARY, ETC.
Summary, etc. THIS BOOK MAKES A COMPELLING ARGUMENT THAT ALL TRAINING ESPCIALLY MULTIMEDIA TRAINING REQUIRES GOOD PLANNING, AND IHAVEN´T SEEN BETTER PLANNING TOOLS ANYWHERE IN ON PACKAGE. I PREDICT IT WILL BE THUMB-WORN BY DESIGNERS, DEVELOPERS , AND DELIVERS OF MULTIMEDIA TRAINING WHO WANT TO SAVE FRONT-END MONEY AND TIME.
650 14 - SUBJECT ADDED ENTRY--TOPICAL TERM
Topical term or geographic name entry element COMPUTACION
General subdivision EMPLEADOS
-- ADIESTRAMIENTO
-- MULTIMEDIA
-- SISTEMAS DE ENSEANZA
-- DISEO
700 1# - ADDED ENTRY--PERSONAL NAME
Personal name OWENS, DIANA L.
Relator term coaut.
Existencias
Withdrawn status Lost status Source of classification or shelving scheme Damaged status Not for loan Collection code Home library Current library Shelving location Date acquired Source of acquisition Inventory number Total Checkouts Full call number Barcode Date last seen Price effective from Koha item type
    Dewey Decimal Classification     General Biblioteca Karol Wojtyla Biblioteca Karol Wojtyla Sala general 03/12/2013 Compra 151000000000000000021609   658.312404 LEE 65834 05/01/2026 03/12/2013 Libro